000 00288nam a22001337a 4500
008 210311b ||||| |||| 00| 0 eng d
041 _aeng
080 _a311
082 _a311
100 _a54
101 _aSTA
245 _aIntroduction to Statistics
_cWalpole,R.E
942 _2udc
_cBK
999 _c56318
_d56318